| 000 | 00505nam a2200205Ia 4500 | ||
|---|---|---|---|
| 003 | GCL | ||
| 008 | 140319s9999 xx 000 0 eng d | ||
| 040 |
_aGCL / _cGCL |
||
| 082 | 0 | 4 |
_a332.6 _bB E |
| 100 | 1 | _aMARCUS, ALAN J. | |
| 245 | 1 | 0 |
_aESSENTIALS OF INVESTMENT / _cMARCUS, ALAN J. |
| 700 | 1 | _aBODIE, ZVI | |
| 700 | 1 | _aKANE, ALEX | |
| 260 |
_a[S.N] : _bIRWIN ، _c1995 |
||
| 300 | _a558 P P | ||
| 650 | 0 | 4 | _aSECURITY |
| 650 | 0 | 4 | _aINVESTMENTS |
| 650 | 0 | 4 | _aINVESTMENT ANALYSIS |
| 942 |
_2ddc _cBK |
||
| 999 |
_c11938 _d11938 |
||